|
|
|
|
| LEADER |
00000nac a2200000 a 4500 |
| 003 |
Ucuenca |
| 005 |
20231028063205.0 |
| 008 |
014072|2005 sp |||||r|||||||||||spa|| |
| 020 |
|
|
|a 84-85736-19-2
|
| 040 |
|
|
|b spa
|
| 041 |
0 |
|
|a es
|
| 082 |
0 |
|
|a 720.8
|
| 245 |
|
|
|a Documentos de arquitectura moderna en América Latina 1950-1965. Segunda recopilación
|c Coordinación general de Teresa Rovira Llobera, Institut Català de Cooperació Iberoamericana y Universitat Politécnica de Cataluña
|h imp
|
| 264 |
|
|
|a Barcelona
|b Institut Català de Cooperació Iberoamericana
|c 2005
|
| 300 |
|
|
|a 301 páginas:
|b ilu
|c 21 cm
|
| 490 |
|
|
|a Documentos de Arquitectura Moderna en América Latina
|
| 504 |
|
|
|a incl. ref.
|
| 650 |
|
0 |
|a Arquitectura Latinoamericana
|9 26578
|
| 650 |
|
0 |
|a Arquitectura moderna
|9 6806
|
| 650 |
|
7 |
|a Urbanismo
|9 110
|
| 650 |
|
0 |
|a Proyectos arquitectónicos
|9 33258
|
| 650 |
|
0 |
|a Cultura arqutectonica
|9 118690
|
| 650 |
|
0 |
|a Edificaciones
|9 36828
|
| 650 |
|
7 |
|a Arquitectura
|9 5671
|
| 700 |
1 |
|
|a Rovira Llobera, Teresa.
|e coordinadora
|9 227041
|
| 852 |
|
|
|a UC-CDJBV
|f Donación
|l 1
|m General
|p 20140723
|q 1.00
|r 2
|t si9584
|b 0
|d CDRC
|e CDRC
|g 720.8 SEGUNDO PISO
|z 2014-40-72
|
| 856 |
|
|
|a http://sibuc.ucuenca.edu.ec/portada/si9584.jpg
|
| 942 |
|
|
|c CR
|2 ddc
|z lucia.mora@ucuenca.edu.ec
|r sergio.cajamarca@ucuenca.edu.ec
|0 2
|
| 999 |
|
|
|c 134858
|d 134858
|